1993 1007 1054 1818 1300 1693 1734 1209 1076 1501 1859 1438 1099 1481 1265 1244 1462 1226 1932 1808 1670 1654 1488 1744 1423 1782 1398 1655 1756 1131 1090 1280 1627 1068 1551 1790 1376 1625 1306 1428 1614 1011 1429 1510 1803 1206 1016 1446 1993 1202 1391 1765 1435 1632 1758 1471 1269 1383 1149 1884 1535 1846 1575 1195 1806 1111 1390 1965 1265 1566 1656 1395 1519 1625 1672 1620 1598 1759 1756 1741 1351 1759 1729 1567 1319 1017 1170 1902 1190 1357 1034 1068 1442 1806 1781 1760 1399 1874 1241 BCNSPRNW ULIB Ver.6.0+V

เปลี่ยนเป็นภาษาไทย

Change to English
 แสดงรายละเอียดบรรณานุกรม
  กลับหน้าหลัก

Brief Record : Get Marc (ISO 2709) : E-mail record : QR code < ปิดหน้าต่าง
LEADER : 00000nam 2200000uu 4500
001    13399110275
003     ULIB
008    110427s2543||||th 000 0 tha d
020    9748575551
060 04 WM171^bซ228ร 2543
100 1  ซาลแมนส์, แซนดรา
245 10 โรคอารมณ์ซึมเศร้า :^bคำถามที่คุณมี คำตอบที่คุณต้องการ /^cSandra Salmans ; ณรงค์ สุภัทรพันธุ์ ผู้แปล ; อิราวดี ไตลังคะ ผู้เรียบเรียง ; ชนิดา กาญจนลาภ บรรณาธิการ
250    พิมพ์ครั้งที่ 1
260    กรุงเทพฯ :^bหน้าต่างสู่โลกกว้าง,^c2543
300    221 หน้า
500    แปลจาก Depression : questions you have...answers you need
650  2 Depression
650  7 ความซึมเศร้า
700 00 ณรงค์ สุภัทรพันธุ์,^eผู้แปล
700 00 อิราวดี ไตลังคะ,^eผู้เรียบเรียง
700 00 ชนิดา กาญจนลาภ,^eบรรณาธิการ
945    ^p165^l0^i012613
945    ^p165^l0^i012612
995    ทศพร
999 ^a ใช้งานได้ทุกระบบ
รายการนี้ยังไม่มีแท็ก
คุณยังไม่ได้ล็อกอิน คุณสามารถมีกิจกรรมร่วมกับเว็บไซต์ได้ แต่ต้องล็อกอินก่อน ::
  ล็อกอิน

รายการสื่อสารสนเทศ

ลำดับที่ ประเภท เลขเรียก/บาร์โค้ด สถานที่ สถานะ
- ไม่พบข้อมูล -

รายการใกล้เคียง
    หัวเรื่อง [Depression]
    หัวเรื่อง [ความซึมเศร้า]

BibComment


ยังไม่เคยถูกคอมเมนท์

คอมเมนท์ทรัพยากรรายการนี้
  คอมเมนท์: โรคอารมณ์ซึมเศร้า..


 Copyright 2026. Bcnsprnw @Library